000 00864nas a2200277 4500
001 BR0809347
003 BR-BrBNA
005 20231205112718.0
007 ta
008 230509b bl.|||p| |||| 00| 00por d
040 _aBR-BrBNA
_bpor
_cBiblioteca Nacional de Agricultura
041 _a(Pt)
072 _aL70
100 1 _aZoppa, A.L.V.
100 1 _aAlvarenga, J.
100 1 _aCruz, R.S.F.
100 1 _aMachado, T.S.L.
100 1 _aSilva, L.C.L.C
245 1 _aToracoscopia aplicada à ressecção de fragmento pulmonar com o auxílio de sutura mecânica em equinos
650 _aEQUINO
650 _aCIRURGIA
650 _aPULMÃO
773 0 _tArquivo Brasileiro de Medicina Veterinária e Zootecnia (Brazil)
_xISSN 0102-0935
_g(Jun 2008), v. 60(3) p. 559-565
_wBR0809347
909 _a202311
_bLúcia
_c55
_dLúcia Elande
942 _2AGRIS
_n0
_cANA
999 _c199530
_d199530